000 00411nam a2200169Ia 4500
005 20240823005836.0
008 240823s9999||||xx |||||||||||||| ||und||
082 _A346.086 N8
100 _aLaw Publishers
245 0 _a"The Insurance Act,1938"
250 _a1st
260 _c1998
_b"Law Pub,All"
_aAllahabad
500 _aYES
650 _aManagement
_bManagement Studies
942 _cBK
999 _c156888
_d156888